000 00389nam a22001217a 4500
999 _c9475
_d9475
003 OSt
008 201203b ||||| |||| 00| 0 eng d
245 _aIndian Journal Of Fiber And Textile Research
250 _a2013( Mar Vol.38 No.1, Jun Vol.38 No.2, Sep Vol.38 No.3 )
260 _aNew Delhi
_bNational Instt. Of Sci. Comm. And Info. Res.
650 _aTextile Engineering
942 _2ddc
_cBV